000 00911nam a22003017a 4500
001 BR2018001691
003 BR-BrBNA
005 20230928105328.0
007 ta
008 230509b bl.||||| |||| 00| 0 por d
040 _aBR-BrBNA
_bpor
_cBiblioteca Nacional de Agricultura
041 _a(Por)
072 _aN20
_b2120
090 _ 2120 BR2018001691
100 1 _aGomes, J.B.
110 1 _aUniversidade Federal Lavras, MG (Brasil)
_0Tese (Doutorado)
_911198
245 1 _aAvaliação do desprendimento do fruto do cafeeiro por vibração: um estudo de caso
260 3 _aLavras, MG (Brasil):
_c2017.
300 _a117 p.
500 _aSummaries (Eng, Por); Bibliography p. 109-114; 11 tables; 78 illus.
650 _aMECANIZAÇÃO AGRICOLA
650 _aCAFÉ
650 _aCOLHEITA
650 _aPERFORMANCE
650 _aRENDIMENTO
909 _a202309
_bLucia
_c55
_dLucia Elande
942 _cBK
999 _c84674
_d84674